Southville International School and Colleges
Your cart is empty.
  • Cart
  • Lists
    Public lists Eva Luna New books Lux_list list_1
    Your lists Log in to create your own lists
  • Log in to your account
  • Your cookies
  • Search history
Southville International School and Colleges
  • Advanced search
  • Recent comments
  • Most popular
  • Libraries

Log in to your account

Log in with GOOGLE


If you do not have an external account, but do have a local account, you can still log in:

  1. Home
  2. MARC view: Saunders Q&A review for the NCLEX-RN examination.
Normal view MARC view ISBD view

Saunders Q&A review for the NCLEX-RN examination. (Record no. 23273)

[ view plain ]
MARC details
000 -LEADER
fixed length control field 00578nam a2200193 a 4500
005 - DATE AND TIME OF LATEST TRANSACTION
control field 20140310183447.0
008 - FIXED-LENGTH DATA ELEMENTS--GENERAL INFORMATION
fixed length control field 081111s19uu xx 00 eng d
020 ## - INTERNATIONAL STANDARD BOOK NUMBER
International Standard Book Number 9780721603520
050 ## - LIBRARY OF CONGRESS CALL NUMBER
Classification number RT 55
Item number .Si39 2006
100 ## - MAIN ENTRY--PERSONAL NAME
Personal name Silvestri, Linda Anne
245 ## - TITLE STATEMENT
Title Saunders Q&A review for the NCLEX-RN examination.
260 ## - PUBLICATION, DISTRIBUTION, ETC. (IMPRINT)
Place of publication, distribution, etc U.S.A :
Name of publisher, distributor, etc Saunders Elsevier,
Date of publication, distribution, etc 2006.
300 ## - PHYSICAL DESCRIPTION
Extent 942 p. :
Other physical details ill. ;
Dimensions 27 cm.
521 ## - TARGET AUDIENCE NOTE
Target audience note
650 ## - SUBJECT ADDED ENTRY--TOPICAL TERM
Topical term or geographic name as entry element Nursing
General subdivision Examinations, questions, etc.
650 ## - SUBJECT ADDED ENTRY--TOPICAL TERM
Topical term or geographic name as entry element Nursing
General subdivision examinations, questions, etc.
942 ## - ADDED ENTRY ELEMENTS (KOHA)
Koha item type Books
Source of classification or shelving scheme Library of Congress Classification
Call number prefix Foreign
Holdings
Withdrawn status Lost status Source of classification or shelving scheme Damaged status Home library Current library Shelving location Date acquired Source of acquisition Total Checkouts Total Renewals Full call number Barcode Date last seen Date checked out Copy number Price effective from Koha item type
    Library of Congress Classification   College Library College Library General Circulation Section 01/14/2014 Donation 1 4 RT 55 .Si39 2006 C9938 05/15/2018 02/04/2016 1 01/14/2014 Books

Saunders Q&A review for the NCLEX-RN examination.

APA

Silvestri L. A., . (2006). Saunders Q&A review for the NCLEX-RN examination. U.S.A: Saunders Elsevier.

Chicago

Silvestri Linda Anne, . 2006. Saunders Q&A review for the NCLEX-RN examination. U.S.A: Saunders Elsevier.

Harvard

Silvestri L. A., . (2006). Saunders Q&A review for the NCLEX-RN examination. U.S.A: Saunders Elsevier.

MLA

Silvestri Linda Anne, . Saunders Q&A review for the NCLEX-RN examination. U.S.A: Saunders Elsevier. 2006.

  • Place hold
  • Print
  • Cite
  • Add to your cart (remove)
  • Save record
    BIBTEX Dublin Core MARCXML MARC (non-Unicode/MARC-8) MARC (Unicode/UTF-8) MARC (Unicode/UTF-8, Standard) MODS (XML) RIS
  • More searches
    Search for this title in:
    Other Libraries (WorldCat) Other Databases (Google Scholar) Online Stores (Bookfinder.com) Open Library (openlibrary.org)

Exporting to Dublin Core...

SOUTHVILLE LIBRARY

Southville International School and Colleges Library

1281 Tropical Ave. Cor. Luxembourg St., BF Homes International, Las Pinas City

Tel. No. 8256374 / 252358 Loc. 117/146

Powered by Koha